| 000 | 00539nam a2200217Ia 4500 | ||
|---|---|---|---|
| 003 | OSt | ||
| 005 | 20240808144100.0 | ||
| 008 | 210210b1995 xxu||||| |||| 00| 0 eng d | ||
| 020 | _a81 7201 595 X | ||
| 040 | _cAL | ||
| 041 | _aEng | ||
| 082 | _a809.88914 SAHA | ||
| 100 |
_aSAHITYA AKADEMI. _9175937 |
||
| 245 | _aAurobindo: Makers of Indian literature | ||
| 260 |
_aN D _bSahitya Akademi _c1995 |
||
| 300 | _ax,88 | ||
| 690 |
_aIndian Literature _9175938 |
||
| 700 |
_aManoj Das _9175939 |
||
| 906 | _a053670 | ||
| 942 |
_2ddc _cBK |
||
| 999 |
_c101417 _d101417 |
||